| 000 | 01465nam a2200325 i 4500 | ||
|---|---|---|---|
| 003 | DO-SdBNP | ||
| 005 | 20260305073952.0 | ||
| 007 | ta | ||
| 008 | 190724s2000 ao 000 spa d | ||
| 020 | _a9993423122 | ||
| 040 |
_aDO-SdBNP _bspa _cBNPHU _erda |
||
| 082 |
_axxxx _bD925b _222 |
||
| 100 |
_aDunoyer de Segonzac, André J _976493 _d1884-1974 _eautor _4aut. |
||
| 245 | 0 |
_aBásilica nuestra señora de la Altragracia / _cAndrè J. Dunoyer de Segonzac ; traducciòn al español de Jean Alexis Gauge ; traducción al inglés Denis Solomin ; ediciòn al cuidado de Frank Moya Pons ; fotografías Wilfredo García, Alejandro Lajara, Pablo Morel, Guico Báez, |
|
| 264 | 1 |
_aSanto Domingo : _bBanco Popular, _bEditora Amigo del Hogar, _c2000. |
|
| 300 |
_a343 páginas _bilustraciones, fotografías _c29 cm |
||
| 336 |
_atexto _btxt _2rdacontent |
||
| 337 |
_asin mediación _bn _2rdamedia |
||
| 338 |
_avolumen _bnc _2rdacarrier |
||
| 590 | _aInventariado, 2020 / DG | ||
| 700 | 1 |
_aMoya Pons, Frank, _d1944- _eEditor _4ed. _92095 |
|
| 700 |
_aGauge, Jean Alexis _eTraductor del español _976738 _4trad. |
||
| 700 |
_aSolomin, Denis _etraducción del inglés _4trad. _986983 |
||
| 700 |
_aGarcía, Wilfredo _efotógrafo _4fot. _959135 |
||
| 700 |
_aLajara, Alejandro _efotógrafo _4fot. _986984 |
||
| 700 |
_aMorel, Pablo _efotógrafo _4fot. _986985 |
||
| 700 |
_aBáez, Guico _efotógrafo _4fot. _986986 |
||
| 910 | _aInventariado, 2020 / DG | ||
| 942 |
_2ddc _cLBS1 |
||
| 999 |
_c48647 _d48647 |
||